[Event "Rottach Egern Seniors Cup 9th"]
[Site "Rottach Egern"]
[Date "2021.10.26"]
[Round "5"]
[White "Hansch, Klaus Michael"]
[Black "Lachat, Martin"]
[Result "1-0"]
[WhiteElo "1868"]
[BlackElo "1562"]
[PlyCount "105"]
[EventDate "2021.10.22"]
[EventType "swiss"]
[EventRounds "7"]
[EventCountry "GER"]
[SourceTitle "CBM 204 Extra"]
[Source "ChessBase"]
[SourceDate "2021.11.30"]
[SourceVersion "1"]
[SourceVersionDate "2021.11.30"]
[SourceQuality "1"]

1. e4 g6 2. d4 e6 3. Nf3 Bg7 4. Bg5 Ne7 5. Bd3 0-0 6. Qd2 f6 7. Bh6 d5 8. Bxg7 Kxg7 9. 0-0 Nbc6 10. c3 e5 11. exd5 Qxd5 12. c4 Qd8 13. d5 Nd4 14. Nxd4 exd4 15. Qf4 c5 16. Nd2 Bf5 17. Qg3 Bxd3 18. Qxd3 Nf5 19. g4 Nd6 20. Rfe1 Qd7 21. Re6 Rae8 22. Rae1 Rxe6 23. Rxe6 f5 24. Qe2 Kg8 25. Re7 Re8 26. Rxe8+ Qxe8 27. Qxe8+ Nxe8 28. gxf5 gxf5 29. Kg2 Nd6 30. Kf3 Kf7 31. Kf4 Kf6 32. f3 b6 33. b3 Nf7 34. a3 Nd6 35. b4 a6 36. bxc5 bxc5 37. Nb3 d3 38. Ke3 Nxc4+ 39. Kxd3 Nxa3 40. Nxc5 Ke5 41. Nxa6 Kxd5 42. f4 Nb5 43. Nb4+ Ke6 44. Nc6 Nd6 45. Ne5 Kf6 46. Nd7+ Kg6 47. Kd4 Nf7 48. Ne5+ Kf6 49. Nxf7 Kxf7 50. Ke5 Kg6 51. Ke6 h5 52. h4 Kg7 53. Kxf5 1-0

[Event "GER-ch Seniors 65 32nd"]
[Site "Magdeburg"]
[Date "2020.08.14"]
[Round "1"]
[White "Hansch, Klaus Michael"]
[Black "Szenetra, Werner"]
[Result "0-1"]
[WhiteElo "1873"]
[BlackElo "2190"]
[PlyCount "48"]
[EventDate "2020.08.14"]
[EventType "swiss"]
[EventRounds "9"]
[EventCountry "GER"]
[SourceTitle "EXT 2021"]
[Source "ChessBase"]
[SourceDate "2020.10.23"]
[SourceVersion "1"]
[SourceVersionDate "2020.10.23"]
[SourceQuality "1"]

1. e4 g6 2. d4 Bg7 3. Nc3 d6 4. Bg5 a6 5. Nf3 b5 6. a3 Bb7 7. Be2 Nd7 8. 0-0 c5 9. Re1 h6 10. Bf4 cxd4 11. Nd5 e5 12. Bg3 f5 13. Nh4 Bxd5 14. exd5 Ne7 15. f4 e4 16. Bf2 g5 17. Bh5+ Kf8 18. fxg5 hxg5 19. Ng6+ Nxg6 20. Bxg6 Qf6 21. Bh5 e3 22. Bg3 f4 23. Rf1 Qh6 24. Bg4 Nf6 0-1

[Event "MVP-ch Seniors op 17th"]
[Site "Binz"]
[Date "2017.11.29"]
[Round "1.81"]
[White "Hansch, Klaus Michael"]
[Black "Geibel, Henning"]
[Result "1-0"]
[WhiteElo "1887"]
[BlackElo "1486"]
[PlyCount "59"]
[EventDate "2017.11.29"]
[EventType "swiss"]
[EventRounds "9"]
[EventCountry "GER"]
[SourceTitle "EXT 2019"]
[Source "ChessBase"]
[SourceDate "2018.10.10"]
[SourceVersion "1"]
[SourceVersionDate "2018.10.10"]
[SourceQuality "1"]

1. d4 d5 2. Nc3 e6 3. e4 Bb4 4. e5 f6 5. Nf3 fxe5 6. Nxe5 Nf6 7. Bd3 0-0 8. 0-0 h6 9. Ne2 c5 10. c3 Ba5 11. dxc5 Qc7 12. Ng6 Re8 13. b4 Ne4 14. bxa5 Qxa5 15. Bxe4 dxe4 16. Be3 Nd7 17. Qd4 Nf6 18. Ne5 Rd8 19. Qb4 Qxb4 20. cxb4 Nd5 21. a3 Nxe3 22. fxe3 b6 23. cxb6 axb6 24. Nd4 Rd5 25. Ng6 Rg5 26. Rf8+ Kh7 27. Ne7 Bb7 28. Rxa8 Bxa8 29. Nxe6 Re5 30. Nf8+ 1-0

[Event "Schleswig Holstein-ch Seniors op 11th"]
[Site "Buesum"]
[Date "2017.09.14"]
[Round "7"]
[White "Hansch, Klaus Michael"]
[Black "Lueders, Guenter"]
[Result "1-0"]
[WhiteElo "1893"]
[BlackElo "1796"]
[PlyCount "122"]
[EventDate "2017.09.08"]
[EventType "swiss"]
[EventRounds "9"]
[EventCountry "GER"]
[SourceTitle "EXT 2019"]
[Source "ChessBase"]
[SourceDate "2018.10.10"]
[SourceVersion "1"]
[SourceVersionDate "2018.10.10"]
[SourceQuality "1"]

1. d4 d5 2. Nc3 Nf6 3. Bg5 Nbd7 4. e3 e6 5. e4 dxe4 6. Nxe4 Be7 7. Nxf6+ Nxf6 8. Nf3 0-0 9. Bd3 h6 10. Bh4 b6 11. 0-0 Bb7 12. Re1 c5 13. dxc5 Bxc5 14. Qe2 Be7 15. Rad1 Qc7 16. Bg3 Qc8 17. c3 Rd8 18. Nd4 Qc5 19. f3 Qc8 20. Bf2 Nd5 21. Bb1 Nf6 22. Bh4 Ba6 23. Qc2 g6 24. Rxe6 Rxd4 25. Rxf6 Rxd1+ 26. Qxd1 Bxf6 27. Bxf6 Qe6 28. Bd4 Qe2 29. Qxe2 Bxe2 30. Kf2 Ba6 31. b3 Re8 32. Be3 h5 33. h4 f5 34. c4 Kf7 35. Bd3 Ke6 36. g4 Rd8 37. Ke2 Bb7 38. gxh5 gxh5 39. Bc2 Rg8 40. Bg5 Rc8 41. Bf4 a6 42. Bd3 Bc6 43. a4 Bd7 44. Ke3 b5 45. cxb5 axb5 46. axb5 Rc3 47. Kd4 Rxd3+ 48. Kxd3 Bxb5+ 49. Kd4 Bc6 50. Ke3 Kd5 51. Bh6 Ke6 52. Bg7 Kf7 53. Be5 Kg6 54. f4 Kf7 55. Kd4 Ke6 56. Kc5 Kd7 57. b4 Ba8 58. b5 Kc8 59. b6 Be4 60. Bc7 Bf3 61. Kd6 Bg2 1-0

[Event "Schleswig Holstein-ch Seniors op 11th"]
[Site "Buesum"]
[Date "2017.09.08"]
[Round "1"]
[White "Hansch, Klaus Michael"]
[Black "Graffenberger, Marianne"]
[Result "1-0"]
[WhiteElo "1893"]
[BlackElo "1382"]
[PlyCount "63"]
[EventDate "2017.09.08"]
[EventType "swiss"]
[EventRounds "9"]
[EventCountry "GER"]
[SourceTitle "EXT 2019"]
[Source "ChessBase"]
[SourceDate "2018.10.10"]
[SourceVersion "1"]
[SourceVersionDate "2018.10.10"]
[SourceQuality "1"]

1. e4 e5 2. d4 d6 3. dxe5 dxe5 4. Qxd8+ Kxd8 5. Bc4 f6 6. Be3 Nd7 7. Nc3 Bc5 8. Bxc5 Nxc5 9. 0-0-0+ Ke7 10. Nd5+ Kd8 11. Nxf6+ Ke7 12. Nxg8+ Rxg8 13. Bxg8 Nxe4 14. Rf1 Nf6 15. Bc4 b6 16. f3 Bb7 17. Bd3 h6 18. Re1 Kd6 19. Ne2 c5 20. Nc3 a6 21. Ne4+ Nxe4 22. Bxe4 Bxe4 23. Rxe4 Rf8 24. h4 h5 25. Rh3 g6 26. Rg3 Rf6 27. Rg5 Ke7 28. Rgxe5+ Kd6 29. Re8 Kd7 30. R4e7+ Kc6 31. Re6+ Rxe6 32. Rxe6+ 1-0

[Event "Schleswig Holstein-ch Seniors op 10th"]
[Site "Buesum"]
[Date "2016.10.03"]
[Round "8"]
[White "Hansch, Klaus Michael"]
[Black "Zoll, Theobald"]
[Result "1-0"]
[WhiteElo "1882"]
[BlackElo "1714"]
[PlyCount "129"]
[EventDate "2016.09.26"]
[EventType "swiss"]
[EventRounds "9"]
[EventCountry "GER"]
[SourceTitle "EXT 2019"]
[Source "ChessBase"]
[SourceDate "2018.10.10"]
[SourceVersion "1"]
[SourceVersionDate "2018.10.10"]
[SourceQuality "1"]

1. d4 f5 2. Nc3 Nf6 3. Bg5 e6 4. e4 Be7 5. exf5 exf5 6. Nf3 Ne4 7. Bxe7 Nxc3 8. Bxd8 Nxd1 9. Bxc7 Nxb2 10. Bd6 b6 11. Be2 Ba6 12. Bxa6 Nxa6 13. 0-0 Kf7 14. Ne5+ Ke6 15. Ba3 d6 16. Bxd6 Kxd6 17. Nf7+ Kd7 18. Nxh8 Rxh8 19. Rfe1 Nc4 20. Re2 Nb4 21. c3 Nd5 22. Rae1 g6 23. h4 Nd6 24. Re5 Re8 25. c4 Rxe5 26. dxe5 Nxc4 27. g3 Ke6 28. f4 h5 29. a4 a6 30. Rc1 Nde3 31. Kf2 Kd5 32. Rb1 Ke6 33. Rb3 Nd5 34. Ke2 Na5 35. Rb2 Nc3+ 36. Kf3 Nxa4 37. Rd2 Nc4 38. Rd8 Ke7 39. Ra8 Nc5 40. Ra7+ Kf8 41. Ke2 a5 42. Ra8+ Ke7 43. Ra7+ Kf8 44. Kd1 a4 45. Kc2 b5 46. Kc3 a3 47. Kb4 Na4 48. Kb3 Nc5+ 49. Kb4 Na4 50. Kxb5 Ncb6 51. Rc7 a2 52. Rc1 Nc3+ 53. Kxb6 Nb1 54. Rc8+ Ke7 55. Ra8 Nc3 56. Kc5 Ne2 57. Ra7+ Kf8 58. Kd6 Nxg3 59. e6 Ne4+ 60. Ke5 Nc5 61. Rxa2 Ke7 62. Ra7+ Ke8 63. Kf6 Ne4+ 64. Kxg6 Nd6 65. Kxh5 1-0

[Event "Schleswig Holstein-ch Seniors op 10th"]
[Site "Buesum"]
[Date "2016.09.30"]
[Round "5"]
[White "Schencke, Guenther"]
[Black "Hansch, Klaus Michael"]
[Result "0-1"]
[WhiteElo "1776"]
[BlackElo "1882"]
[PlyCount "84"]
[EventDate "2016.09.26"]
[EventType "swiss"]
[EventRounds "9"]
[EventCountry "GER"]
[SourceTitle "EXT 2019"]
[Source "ChessBase"]
[SourceDate "2018.10.10"]
[SourceVersion "1"]
[SourceVersionDate "2018.10.10"]
[SourceQuality "1"]

1. d4 Nf6 2. Nf3 d5 3. c4 e6 4. Nc3 c6 5. cxd5 exd5 6. Bg5 Be7 7. e3 Bf5 8. Bd3 Bxd3 9. Qxd3 Nbd7 10. 0-0 0-0 11. Rab1 Re8 12. h3 Ne4 13. Bf4 Bd6 14. Bxd6 Nxd6 15. Rfc1 Ne4 16. b4 a6 17. Na4 Rb8 18. Nc5 Nb6 19. Nd2 Nxd2 20. Qxd2 Nc4 21. Qd3 Nd6 22. a4 Qe7 23. Re1 f5 24. Qc3 Qf7 25. Nd3 Ne4 26. Qc2 Nd6 27. Ne5 Qe6 28. Nf3 Qf6 29. Qc1 Re7 30. Ne5 Rbe8 31. f4 Qh4 32. Re2 Ne4 33. Qe1 Qf6 34. b5 cxb5 35. axb5 Rc8 36. bxa6 bxa6 37. Reb2 h6 38. Rb6 Re6 39. Qa5 Rxb6 40. Rxb6 Rc1+ 41. Kh2 Qh4 42. Qxd5+ Kh7 0-1

[Event "Schleswig Holstein-ch Seniors op 10th"]
[Site "Buesum"]
[Date "2016.09.29"]
[Round "4"]
[White "Hansch, Klaus Michael"]
[Black "Eschweiler, Gottfried"]
[Result "1/2-1/2"]
[WhiteElo "1882"]
[BlackElo "1748"]
[PlyCount "132"]
[EventDate "2016.09.26"]
[EventType "swiss"]
[EventRounds "9"]
[EventCountry "GER"]
[SourceTitle "EXT 2019"]
[Source "ChessBase"]
[SourceDate "2018.10.10"]
[SourceVersion "1"]
[SourceVersionDate "2018.10.10"]
[SourceQuality "1"]

1. d4 Nf6 2. Nc3 d5 3. Bg5 Nbd7 4. Nf3 h6 5. Bh4 g6 6. e3 c6 7. Bd3 Bg7 8. 0-0 0-0 9. Re1 Re8 10. e4 dxe4 11. Nxe4 Nxe4 12. Bxe4 Nf6 13. Bxf6 exf6 14. c3 Be6 15. h3 Qc7 16. Qc1 Rad8 17. Nh2 f5 18. Bf3 g5 19. g3 Re7 20. Nf1 Rde8 21. Qd2 f4 22. g4 Qc8 23. Nh2 Qd7 24. Qd1 Kh8 25. Qa4 a6 26. Qc2 Bd5 27. Rxe7 Rxe7 28. Bxd5 Qxd5 29. b4 Qc4 30. Nf3 Re2 31. Qb3 Qd3 32. Kg2 Rc2 33. Qxf7 Rxc3 34. Qe8+ Kh7 35. Ng1 Qxd4 36. Re1 Rc2 37. Qe4+ Qxe4+ 38. Rxe4 Rxa2 39. Re7 b5 40. Nf3 Rb2 41. Ne5 Rxb4 42. Nxc6 Rc4 43. Nd8 Rc8 44. Ne6 Rg8 45. Ra7 Kh8 46. Nxg7 Rxg7 47. Rxa6 Rb7 48. Rxh6+ Kg7 49. Rc6 b4 50. Rc2 b3 51. Rb2 Kf6 52. Kf3 Rb4 53. Ke2 Ke5 54. Kd3 Rb8 55. Re2+ Kd5 56. Rb2 Ke5 57. Re2+ Kd5 58. Rb2 Ke5 59. Kc4 Ke4 60. Kc3 Kf3 61. Kd4 Kg2 62. Ke4 Rb4+ 63. Kf5 Rb5+ 64. Ke4 Rb4+ 65. Kf5 Rb5+ 66. Ke4 Rb4+ 1/2-1/2

[Event "Schleswig Holstein-ch Seniors op 10th"]
[Site "Buesum"]
[Date "2016.09.27"]
[Round "2"]
[White "Moeller, Peter1111"]
[Black "Hansch, Klaus Michael"]
[Result "0-1"]
[WhiteElo "1702"]
[BlackElo "1882"]
[PlyCount "72"]
[EventDate "2016.09.26"]
[EventType "swiss"]
[EventRounds "9"]
[EventCountry "GER"]
[SourceTitle "EXT 2019"]
[Source "ChessBase"]
[SourceDate "2018.10.10"]
[SourceVersion "1"]
[SourceVersionDate "2018.10.10"]
[SourceQuality "1"]

1. d4 Nf6 2. c4 c5 3. Nc3 cxd4 4. Qxd4 Nc6 5. Qd1 g6 6. Bf4 d6 7. e3 Bg7 8. Be2 Qa5 9. Bf3 0-0 10. Nge2 Be6 11. b3 Nh5 12. Qc1 Nxf4 13. exf4 Nd4 14. Nxd4 Bxd4 15. Kd2 Rab8 16. Rf1 Rfc8 17. Kd3 Bf6 18. Rb1 b5 19. Nxb5 Rxb5 20. Qd2 Bf5+ 21. Ke2 Qxd2+ 22. Kxd2 Rxc4 23. bxc4 Rxb1 24. Rxb1 Bxb1 25. a4 Bd4 26. Ke2 Ba2 27. Bd5 Bc5 28. f3 e6 29. Bc6 Bxc4+ 30. Kd2 d5 31. Bb5 Bxb5 32. axb5 Kf8 33. g4 Ke7 34. h4 h5 35. g5 Bf2 36. Kd3 Kd6 0-1

[Event "Bad Woerishofen Seniors op 32nd"]
[Site "Bad Woerishofen"]
[Date "2016.03.01"]
[Round "5"]
[White "Hansch, Klaus Michael"]
[Black "Krotofil, Kurt"]
[Result "1-0"]
[WhiteElo "1850"]
[BlackElo "1987"]
[PlyCount "91"]
[EventDate "2016.02.26"]
[EventType "swiss"]
[EventRounds "9"]
[EventCountry "GER"]
[SourceTitle "EXT 2019"]
[Source "ChessBase"]
[SourceDate "2018.10.10"]
[SourceVersion "1"]
[SourceVersionDate "2018.10.10"]
[SourceQuality "1"]

1. d4 Nf6 2. Nc3 d5 3. Bg5 Nbd7 4. f3 c6 5. e4 dxe4 6. fxe4 Qa5 7. Bd2 Qb6 8. e5 Nd5 9. Nxd5 cxd5 10. Bc1 g6 11. Nf3 Bg7 12. c4 dxc4 13. Qc2 0-0 14. Bxc4 Kh8 15. Be3 Nxe5 16. Nxe5 Bxe5 17. dxe5 Qxe3+ 18. Qe2 Qxe2+ 19. Kxe2 Bg4+ 20. Ke3 Rac8 21. Bb3 Rc5 22. Rac1 Rfc8 23. Rxc5 Rxc5 24. Kd4 Rc8 25. Bxf7 Rc2 26. h3 Bd7 27. b4 e6 28. Ke3 Rxa2 29. Rd1 Bc6 30. Bxe6 Rxg2 31. Kd4 Re2 32. Bd5 Bxd5 33. Kxd5 Kg7 34. Ke6 Re3 35. Rd7+ Kh6 36. Rxb7 a6 37. Ra7 Rb3 38. Rxa6 Rxb4 39. Kf6 Rf4+ 40. Ke7 Kg5 41. e6 Kh4 42. Ke8 Re4 43. e7 Kxh3 44. Kf7 Rxe7+ 45. Kxe7 h5 46. Kf6 1-0

[Event "Bad Woerishofen Seniors op 32nd"]
[Site "Bad Woerishofen"]
[Date "2016.02.27"]
[Round "2"]
[White "Hansch, Klaus Michael"]
[Black "Mueller, Dieter5555"]
[Result "1-0"]
[WhiteElo "1850"]
[BlackElo "1701"]
[PlyCount "149"]
[EventDate "2016.02.26"]
[EventType "swiss"]
[EventRounds "9"]
[EventCountry "GER"]
[SourceTitle "EXT 2019"]
[Source "ChessBase"]
[SourceDate "2018.10.10"]
[SourceVersion "1"]
[SourceVersionDate "2018.10.10"]
[SourceQuality "1"]

1. d4 d6 2. Nc3 Nf6 3. Bg5 Nbd7 4. Nf3 h6 5. Bh4 g5 6. Bg3 Nh5 7. e3 Bg7 8. Be2 Nxg3 9. hxg3 b6 10. 0-0 Bb7 11. a4 Nf6 12. a5 bxa5 13. Rxa5 c5 14. Bb5+ Nd7 15. Ra1 0-0 16. Qd3 cxd4 17. exd4 Nb8 18. d5 a6 19. Bc4 Qc7 20. Rfe1 Rc8 21. Bb3 Re8 22. Nd4 Nd7 23. Nf5 Nc5 24. Qc4 Bf8 25. Ba2 e6 26. dxe6 fxe6 27. b4 Qc6 28. f3 d5 29. Nxh6+ Bxh6 30. Qxc5 Qxc5+ 31. bxc5 Bg7 32. Ne2 Bxa1 33. Rxa1 Rac8 34. Rb1 Ba8 35. Rb6 Rxc5 36. Rxa6 Rxc2 37. Nd4 Rc1+ 38. Kf2 e5 39. Nf5 Rc2+ 40. Kg1 Rd8 41. Rxa8 Rxa8 42. Bxd5+ Kf8 43. Bxa8 Rc1+ 44. Kh2 Rc7 45. Be4 Rh7+ 46. Kg1 Rc7 47. Ne3 Kg7 48. Kf2 Ra7 49. Ke2 Ra2+ 50. Kf1 Ra1+ 51. Kf2 Ra2+ 52. Kg1 Ra1+ 53. Kh2 Ra6 54. Kh3 Ra2 55. Kg4 Re2 56. Nc4 Kf6 57. Nb6 Rxg2 58. Nd7+ Ke6 59. Nf8+ Kf7 60. Nh7 Kg7 61. Nxg5 Kf6 62. Bf5 Rxg3+ 63. Kxg3 Kxf5 64. Ne4 Ke6 65. Kg4 Kd5 66. Kf5 Kd4 67. Nd2 Kd5 68. Nc4 e4 69. Ne3+ Kd4 70. Nc2+ Kd5 71. fxe4+ Kd6 72. Kf6 Kd7 73. e5 Ke8 74. Ke6 Kd8 75. Kf7 1-0

[Event "MVP-ch Seniors op 14th"]
[Site "Binz"]
[Date "2014.12.03"]
[Round "9"]
[White "Ludwig, Richard"]
[Black "Hansch, Klaus Michael"]
[Result "0-1"]
[WhiteElo "1409"]
[BlackElo "1726"]
[PlyCount "116"]
[EventDate "2014.11.25"]
[EventType "swiss"]
[EventRounds "9"]
[EventCountry "GER"]
[SourceTitle "EXT 2016"]
[Source "ChessBase"]
[SourceDate "2015.10.08"]
[SourceVersion "1"]
[SourceVersionDate "2015.10.08"]
[SourceQuality "1"]

1. e4 d5 2. exd5 Nf6 3. Nc3 Nxd5 4. Nxd5 Qxd5 5. d4 Nc6 6. c3 e5 7. Be3 exd4 8. cxd4 Bb4+ 9. Bd2 Bxd2+ 10. Qxd2 Qxd4 11. Qxd4 Nxd4 12. 0-0-0 Nc6 13. Bb5 Be6 14. a3 0-0 15. Bxc6 bxc6 16. Ne2 Rfd8 17. Rxd8+ Rxd8 18. Rd1 Rd6 19. f3 Kf8 20. Nc3 Bb3 21. Rd2 f5 22. f4 Kf7 23. g3 Kf6 24. Re2 Kf7 25. Rd2 h6 26. Re2 g6 27. Rd2 g5 28. fxg5 hxg5 29. Rf2 Kg6 30. Rd2 Kh5 31. h3 Rxd2 32. Kxd2 Bd5 33. Nd1 f4 34. gxf4 gxf4 35. Ke2 Kh4 36. Nf2 Kg3 37. h4 Kxh4 38. Nd1 Kg3 39. Nf2 Bc4+ 40. Ke1 Kf3 41. Nd1 Ke4 42. Kd2 f3 43. Nf2+ Kd4 44. Nh3 Be2 45. b3 c5 46. Nf2 c4 47. bxc4 Kxc4 48. Kc2 a5 49. Kb2 a4 50. Kc2 Kd4 51. Kd2 c5 52. Ng4 c4 53. Kc2 c3 54. Kc1 Kc4 55. Kc2 Bd3+ 56. Kc1 Kb3 57. Nf2 Bf5 58. Ne4 Bxe4 0-1

[Event "MVP-ch Seniors op 14th"]
[Site "Binz"]
[Date "2014.11.30"]
[Round "6"]
[White "Hansch, Klaus Michael"]
[Black "Jacob, Barbara"]
[Result "0-1"]
[WhiteElo "1726"]
[BlackElo "1576"]
[PlyCount "56"]
[EventDate "2014.11.25"]
[EventType "swiss"]
[EventRounds "9"]
[EventCountry "GER"]
[SourceTitle "EXT 2016"]
[Source "ChessBase"]
[SourceDate "2015.10.08"]
[SourceVersion "1"]
[SourceVersionDate "2015.10.08"]
[SourceQuality "1"]

1. d4 Nf6 2. Nc3 d5 3. Bg5 Nbd7 4. f3 e6 5. e4 h6 6. Bf4 Bb4 7. e5 Nh5 8. Be3 g5 9. Nge2 Nb6 10. Bf2 Bd7 11. a3 Be7 12. g3 Ng7 13. f4 gxf4 14. Nxf4 Bg5 15. Qf3 Bxf4 16. gxf4 Nf5 17. Rg1 Qe7 18. Bd3 0-0-0 19. Bxf5 exf5 20. Nxd5 Nxd5 21. Qxd5 Bc6 22. Qa5 a6 23. 0-0-0 Qe6 24. Kb1 Qc4 25. Qd2 Be4 26. b3 Qxb3+ 27. Kc1 Qxa3+ 28. Kb1 Rd5 0-1

[Event "MVP-ch Seniors op 14th"]
[Site "Binz"]
[Date "2014.11.28"]
[Round "4"]
[White "Hansch, Klaus Michael"]
[Black "Knaak, Hans"]
[Result "1-0"]
[WhiteElo "1726"]
[BlackElo "1514"]
[PlyCount "127"]
[EventDate "2014.11.25"]
[EventType "swiss"]
[EventRounds "9"]
[EventCountry "GER"]
[SourceTitle "EXT 2016"]
[Source "ChessBase"]
[SourceDate "2015.10.08"]
[SourceVersion "1"]
[SourceVersionDate "2015.10.08"]
[SourceQuality "1"]

1. d4 Nf6 2. Nc3 d5 3. Bg5 e6 4. e4 dxe4 5. Nxe4 Be7 6. Bxf6 Bxf6 7. Nf3 0-0 8. c3 Nd7 9. Bd3 Be7 10. Qc2 h6 11. Rd1 b6 12. 0-0 Bb7 13. Ne5 Bd6 14. f4 Nf6 15. Nxf6+ gxf6 16. Ng4 Kg7 17. Qf2 f5 18. Ne5 Kh7 19. Be2 Rg8 20. Bf3 Bxf3 21. Qxf3 Rg7 22. Nc4 Qg8 23. Rd2 Rg4 24. Nxd6 cxd6 25. d5 Rd8 26. Rfd1 Qg6 27. dxe6 Qxe6 28. a3 Rg6 29. Re2 Qc4 30. Rd5 Re6 31. Rxe6 fxe6 32. Rd4 Qc7 33. Qd3 Qc6 34. Rc4 Qb7 35. Rd4 Qc6 36. Qe3 Re8 37. Qe2 Rg8 38. Rd3 Rg6 39. Re3 d5 40. Re5 Kg7 41. g3 b5 42. Qd3 Kf7 43. b3 Rg8 44. Qf3 Qc5+ 45. Kg2 Qxa3 46. b4 Qa6 47. Qh5+ Rg6 48. Qh4 Qc6 49. Kh3 Qxc3 50. Qd8 Qc6 51. Qh8 Qe8 52. Qh7+ Rg7 53. Qxh6 a6 54. Qh5+ Rg6 55. Qd1 Qh8+ 56. Kg2 Rh6 57. h4 Qf8 58. Qd4 Qc8 59. Qa7+ Kf6 60. Qb6 Rh7 61. Rxd5 Rc7 62. Qd4+ Kf7 63. Rd8 Qb7+ 64. Kh3 1-0

[Event "MVP-ch Seniors op 14th"]
[Site "Binz"]
[Date "2014.11.27"]
[Round "3"]
[White "Opitz, Christian"]
[Black "Hansch, Klaus Michael"]
[Result "1-0"]
[WhiteElo "1865"]
[BlackElo "1726"]
[PlyCount "64"]
[EventDate "2014.11.25"]
[EventType "swiss"]
[EventRounds "9"]
[EventCountry "GER"]
[SourceTitle "EXT 2016"]
[Source "ChessBase"]
[SourceDate "2015.10.08"]
[SourceVersion "1"]
[SourceVersionDate "2015.10.08"]
[SourceQuality "1"]

1. e4 d5 2. exd5 Nf6 3. d4 Nxd5 4. c4 Nf6 5. Nc3 g6 6. Be2 Bg7 7. Nf3 0-0 8. 0-0 c6 9. h3 Nbd7 10. Be3 e6 11. Qd2 Re8 12. Rad1 Qa5 13. Rfe1 e5 14. a3 exd4 15. Bxd4 Qc7 16. Bf1 Rxe1 17. Rxe1 Nb6 18. Be5 Qd7 19. Qg5 Qf5 20. Bxf6 Bxf6 21. Re8+ Kg7 22. Qe3 Qc2 23. c5 Nd5 24. Nxd5 cxd5 25. b4 b6 26. cxb6 axb6 27. Nd4 Qb1 28. b5 Qa1 29. Nc6 d4 30. Qf4 Qxa3 31. Nxd4 Qa4 32. Rxc8 Ra5 1-0

[Event "MVP-ch Seniors op 14th"]
[Site "Binz"]
[Date "2014.11.26"]
[Round "2"]
[White "Hansch, Klaus Michael"]
[Black "Just, Joachim"]
[Result "1/2-1/2"]
[WhiteElo "1726"]
[BlackElo "1863"]
[PlyCount "87"]
[EventDate "2014.11.25"]
[EventType "swiss"]
[EventRounds "9"]
[EventCountry "GER"]
[SourceTitle "EXT 2016"]
[Source "ChessBase"]
[SourceDate "2015.10.08"]
[SourceVersion "1"]
[SourceVersionDate "2015.10.08"]
[SourceQuality "1"]

1. d4 d5 2. Nc3 Nf6 3. Bg5 Nbd7 4. f3 h6 5. Bf4 c6 6. e4 g5 7. Be3 Qa5 8. e5 Ng8 9. Bd3 e6 10. Nge2 c5 11. Bb5 a6 12. Bxd7+ Bxd7 13. 0-0 Ne7 14. Ng3 cxd4 15. Bxd4 Nc6 16. Kh1 Nxd4 17. Qxd4 Qb4 18. Qd2 Rc8 19. Qc1 Be7 20. f4 f5 21. Nh5 g4 22. a3 Qc5 23. Qd2 0-0 24. Rac1 Be8 25. Ng3 Qc4 26. Nce2 Bd7 27. Nd4 b5 28. c3 Qc7 29. Nge2 h5 30. Qd3 h4 31. Rg1 Rf7 32. Rgf1 Qc4 33. Qd2 Rg7 34. Rfe1 Rh7 35. Rf1 Kh8 36. Qd1 Qc7 37. Qd3 Rg8 38. Rfd1 Qc4 39. Qd2 Qc8 40. Qd3 Rh5 41. Rf1 Qc4 42. Qd2 Qc8 43. Qd3 Qc4 44. Qd2 1/2-1/2

[Event "MVP-ch Seniors op 14th"]
[Site "Binz"]
[Date "2014.11.25"]
[Round "1"]
[White "Walther, Renate"]
[Black "Hansch, Klaus Michael"]
[Result "0-1"]
[WhiteElo "819"]
[BlackElo "1726"]
[PlyCount "50"]
[EventDate "2014.11.25"]
[EventType "swiss"]
[EventRounds "9"]
[EventCountry "GER"]
[SourceTitle "EXT 2016"]
[Source "ChessBase"]
[SourceDate "2015.10.08"]
[SourceVersion "1"]
[SourceVersionDate "2015.10.08"]
[SourceQuality "1"]

1. e4 d5 2. Nc3 dxe4 3. Nxe4 Bf5 4. Bd3 Nc6 5. Nf3 e6 6. 0-0 Be7 7. b3 Nf6 8. Re1 0-0 9. Bb2 Nd5 10. c3 Nf4 11. Be2 Bxe4 12. d4 Nxe2+ 13. Qxe2 Bg6 14. Rad1 Bh5 15. Rd3 Bf6 16. Qd2 Ne7 17. Rde3 Nd5 18. Rd3 Bg6 19. Rde3 Nxe3 20. Qxe3 c6 21. c4 c5 22. Qd2 cxd4 23. Ne5 Bg5 24. f4 Be7 25. Bxd4 Bc5 0-1